Rozpoznaj rapera po fragmencie piosenki - Statystyki

Ogólne statystyki
  • Ten quiz został rozwiązany 528 razy
  • Średni wynik to 6 z 9
Statystyki odpowiedzi
Hint Odpowiedź % Poprawnych
"Dziś 5 gwiazek oraz ja młody Hilton, to co zarazbędę jadł jedzie windą, czuję się jak Piotruś Pan ale z blizną, więcej niż 3 życzenia mam złota rybko" Kinny Zimmer
88%
"Mam 3 Telefony, jeden do biznesu, drugi dla kochanki a trzeci dla żony, mam 9 naboi do trzech razy sztuka, wystarczy mi to co najmniej na 3 głowy, mam 3 telefony i 9 naboi" Malik Montana
86%
"Ona mówi, że przypadkiem tu wpadła na mnie, on nie nawidzi ale mówi "chodź na bar", jego dupa rusza dupą, kiedy leci dla mnie jej typ mówi, że robimy tylko hajs" OIO
76%
"Widzą we mnie Eminema i chcą, żebym był magikiem, słyszą głos pokolenia i czekają
na manifest, piszą coś w DM'ach, a ja ciągle mam to w ci*ie, no bo wczoraj jadłem frytki z ketchupem, jutro zjem frytki z Travis'em ej"
Mata
75%
"Słyszę sztuczne przepraszam i proszę, twoje przekleństwa są słodkie tak jak soczek, wszędzie gwiazdy no i zimno jak w kosmosie, coś poczułem przestał działać Ibuprofen" Chivas
74%
"Znowu mam przypał, bo melanż poniósł mnie, dzisiaj duża chmura,indyk smaży się, w całej chacie się kreci jazz, mam na sobie ekipowy dres, nie ortalion, a jest szelest" Friz
71%
"To był ciężki rok jak parę ton, teraz leże z nią i mam wolny dom, mamy całą noc, niech słyszy cały blok, when i fell in love, w tle leci Blond" Kacperczyk
67%
"Nie ma, że nie dziś, musi na być już, nie mam więcej żyć,nie chcę tracić ani chwili, dawaj plik wydamy go tu, będzie pewność, że pieniądze nas nie podzieliły" ReTo
66%
"Jak przez piekło przechodziłem, to mi było trochę ciepło no i tyle,jak przez piekło przechodziłem, to mi było trochę ciepło no i ty-tyle Białas
43%
Nie znaleziono quizów pasujących do podanych kryteriów
Rozkład punktacji
Procent ludzi z każdym wynikiem
Percentyl według liczby udzielonych odpowiedzi
Twoja historia wyników
Nie rozwiązałeś tego quizu